000
00338nam a2200157Ia 4500
005
20250425161455.0
008
250425s9999 xx 000 0 und d
041
_a
eng
082
_a
621.406
245
0
_a
POWER TURBINE UNIT
250
_a
S.E.
260
_a
S.L.
260
_a
Sin Pais
_b
INDU
_c
1970
942
_c
01
010
_a
21151
999
_c
210000
_d
210000